Complétez les titres de film - Statistiques

Statistiques générales
  • Ce quiz a été pris 2 669 fois
    801 depuis la dernière actualisation
  • Le résultat moyen est 13 sur 20
Statistiques - réponses
Titres de film Mots manquants % Correct
Edward aux mains d'argent Edward aux {mains} d'argent
97%
Le dîner de cons Le {dîner} de cons
96%
Le silence des agneaux Le silence des {agneaux}
89%
Million dollar baby Million {dollar} baby
88%
Le cinquième élément Le {cinquième} élément
86%
La cité de la peur La cité de {la} {peur}
85%
Le bon, la brute et le _____ Le bon, la brute et le {truand}
84%
Les tontons flingueurs Les {tontons} flingueurs
83%
La ligne verte La {ligne} verte
82%
La tour montparnasse infernale La tour montparnasse {infernale}
70%
Orange mécanique {Orange} mécanique
69%
Quatre mariages et un enterrement Quatre mariages et un {enterrement}
64%
Django Unchained {Django} Unchained
62%
Vol au dessus d'un nid de coucou Vol au dessus d'un {nid} {de} {coucou}
61%
Full metal jacket Full {metal} jacket
60%
Le tombeau des lucioles Le {tombeau} des lucioles
57%
Les temps modernes Les temps {modernes}
39%
Un singe en hiver Un {singe} en hiver
23%
Las Vegas Parano Las Vegas {Parano}
22%
buffet froid {Buffet} froid
8%
Aucun quiz correspondant
Distribution des résultats
% des personnes avec chaque résultat
Percentile par nombre de réponses
Votre historique - résultats
Vous n’avez pas pris ce quiz depuis la dernière actualisation